Statistics for Guess the Black and White flag

Click here to take the quiz!

General Stats

  • This quiz has been taken 21 times
  • The average score is 13 of 16

Answer Stats

Answer% Correct
Canada
100%
Argentina
95%
China
95%
Mexico
95%
Portugal
90%
Turkey
90%
Greece
86%
Italy
81%
Kazakhstan
76%
Thailand
76%
Ghana
71%
Andorra
62%
Estonia
62%
Mozambique
62%
Taiwan
62%
Greenland
48%

Score Distribution

Percentile by Number Answered

Percent of People with Each Score

Your Score History

You have not taken this quiz